Letra Dueles - Jesse&Joy - Estadísticas

Estadísticas generales
  • Esta prueba ha sido intentada 26 veces
  • La puntuación promedio es 187 de 230
Estadísticas de respuestas
Letra % Correcto
a
100%
100%
no
100%
Y
100%
y
100%
en
94%
lo
94%
Qué
94%
que
94%
tu
94%
cómo
88%
Cómo
88%
corazón
88%
cumple
88%
dueles
88%
Dueles
88%
junto
88%
la
88%
más
88%
me
88%
Me
88%
mes
88%
se
88%
Se
88%
88%
Te
88%
ti
88%
un
88%
Ve
88%
ves
88%
ya
88%
Ya
88%
ahora
82%
aviso
82%
celestial
82%
Cuando
82%
dejó
82%
era
82%
estabas
82%
fuiste
82%
Hoy
82%
luz
82%
nada
82%
nos
82%
Nuestra
82%
nuestro
82%
Nuestro
82%
Para
82%
paraíso
82%
perdí
82%
pienso
82%
quererme
82%
recuerdo
82%
Sin
82%
al
76%
hace
76%
Mientras
76%
pedir
76%
Quisiste
76%
renunciar
76%
sombra
76%
amarte
71%
el
71%
Encontré
71%
felicidad
71%
Haberme
71%
haberme
71%
perderte
71%
permitido
71%
Quisiera
71%
aquí
65%
dos
65%
Pero
65%
podría
65%
encuentro
59%
evitar
59%
Los
59%
o
59%
reparación
59%
Dejan
53%
después
53%
feliz
53%
golpes
53%
libre
53%
marca
53%
piel
53%
rompiste
53%
ser
53%
van
53%
conocí
47%
cuánto
47%
extraño
47%
mismo
47%
da
41%
dolor
41%
sabes
41%
alguien
35%
Amigos
35%
ir
29%
dejemos
24%
No se encontraron pruebas coincidentes
Distribución de puntuación
Porcentaje de gente con cada puntuación
Porcentaje por número respondido
Historial de tus puntuaciones
No has intentado esta prueba.